Special and general relativity : (Record no. 29789)

000 -LEADER
fixed length control field 00867 a2200205 4500
020 ## - INTERNATIONAL STANDARD BOOK NUMBER
International Standard Book Number 0387471065
020 ## - INTERNATIONAL STANDARD BOOK NUMBER
International Standard Book Number 9780387471068
082 ## - DEWEY DECIMAL CLASSIFICATION NUMBER
Classification number 523.887
090 ## - LOCALLY ASSIGNED LC-TYPE CALL NUMBER (OCLC); LOCAL CALL NUMBER (RLIN)
-- 1176
-- 1176
100 1# - MAIN ENTRY--PERSONAL NAME
Personal name Glendenning, Norman K.
245 10 - TITLE STATEMENT
Title Special and general relativity :
Remainder of title with applications to white dwarfs, neutron stars and black holes /
Statement of responsibility, etc. Norman K. Glendenning.
260 ## - PUBLICATION, DISTRIBUTION, ETC.
Place of publication, distribution, etc. [S.l.] :
Name of publisher, distributor, etc. Springer,
Date of publication, distribution, etc. 2007.
300 ## - PHYSICAL DESCRIPTION
Extent 240 p. ;
Dimensions 24 cm.
490 1# - SERIES STATEMENT
Series statement Astronomy and astrophysics library.
700 ## - ADDED ENTRY--PERSONAL NAME
Personal name Glendenning, Norman K.
830 #0 - SERIES ADDED ENTRY--UNIFORM TITLE
Uniform title Astronomy and astrophysics library.
942 ## - ADDED ENTRY ELEMENTS (KOHA)
Institution code [OBSOLETE] SNS
Koha item type Book
Call number prefix 523.887 GLE
Holdings
Withdrawn status Lost status Damaged status Not for loan Permanent Location Current Location Date acquired Total Checkouts Full call number Barcode Date last seen Price effective from Koha item type
        School of Natural Sciences (SNS) School of Natural Sciences (SNS) 05/26/2016   523.887 GLE SNS0001463 05/26/2016 05/26/2016 Book
        School of Natural Sciences (SNS) School of Natural Sciences (SNS) 05/26/2016   523.887 GLE SNS0001266 05/26/2016 05/26/2016 Book
© 2023 Central Library, National University of Sciences and Technology. All Rights Reserved.